Mass Spectrometry and Gas-Phase Chemistry of Non-Covalent Complexes / (Record no. 15104)

MARC details
000 -LEADER
fixed length control field 01506cam a2200385 i 4500
001 - CONTROL NUMBER
control field 15654193
003 - CONTROL NUMBER IDENTIFIER
control field EG-ScBUE
005 - DATE AND TIME OF LATEST TRANSACTION
control field 20250728093650.0
008 - FIXED-LENGTH DATA ELEMENTS--GENERAL INFORMATION
fixed length control field 090310t2009 njua f b 001 0 eng d
020 ## - INTERNATIONAL STANDARD BOOK NUMBER
International Standard Book Number 0470131152 (cloth)
020 ## - INTERNATIONAL STANDARD BOOK NUMBER
International Standard Book Number 9780470131152 (cloth)
035 ## - SYSTEM CONTROL NUMBER
System control number (OCoLC)ocn317457163
040 ## - CATALOGING SOURCE
Original cataloging agency DLC
Language of cataloging eng
Description conventions rda
Transcribing agency DLC
Modifying agency BTCTA
-- C#P
-- BWX
-- CDX
-- YDXCP
-- DLC
-- EG-ScBUE
082 04 - DEWEY DECIMAL CLASSIFICATION NUMBER
Classification number 543.0873
Edition number 22
Item number SCH
100 1# - MAIN ENTRY--PERSONAL NAME
Personal name Schalley, Christoph A.,
Dates associated with a name 1968-
Relator term author.
9 (RLIN) 23020
245 10 - TITLE STATEMENT
Title Mass Spectrometry and Gas-Phase Chemistry of Non-Covalent Complexes /
Statement of responsibility, etc Christoph A. Schalley, Andreas Springer.
264 #1 - PUBLICATION, DISTRIBUTION, ETC. (IMPRINT)
Place of publication, distribution, etc Hoboken, N.J. :
Name of publisher, distributor, etc Wiley,
Date of publication, distribution, etc [2009]
264 #4 - PUBLICATION, DISTRIBUTION, ETC. (IMPRINT)
Date of publication, distribution, etc c2009
300 ## - PHYSICAL DESCRIPTION
Extent xvi, 571 pages :
Other physical details illustrations ;
Dimensions 25 cm.
336 ## - CONTENT TYPE
Source rdacontent
Content type term text
Content type code txt
337 ## - MEDIA TYPE
Media type term unmediated
Source rdamedia
Media type code n
338 ## - CARRIER TYPE
Carrier type term volume
Carrier type code nc
Source rdacarrier
490 0# - SERIES STATEMENT
Series statement Wiley-Interscience series in mass spectrometry
504 ## - BIBLIOGRAPHY, ETC. NOTE
Bibliography, etc Includes bibliographical references and index.
650 #7 - SUBJECT ADDED ENTRY--TOPICAL TERM
Topical term or geographic name as entry element Mass spectrometry.
Source of heading or term BUEsh
9 (RLIN) 23022
650 #7 - SUBJECT ADDED ENTRY--TOPICAL TERM
Topical term or geographic name as entry element Supramolecular chemistry.
Source of heading or term BUEsh
9 (RLIN) 23023
650 #7 - SUBJECT ADDED ENTRY--TOPICAL TERM
Topical term or geographic name as entry element Biopolymers
General subdivision Spectra.
Source of heading or term BUEsh
9 (RLIN) 23024
650 #7 - SUBJECT ADDED ENTRY--TOPICAL TERM
Topical term or geographic name as entry element Complex compounds
General subdivision Spectra.
Source of heading or term BUEsh
9 (RLIN) 23025
650 #7 - SUBJECT ADDED ENTRY--TOPICAL TERM
Topical term or geographic name as entry element Ionized gases
General subdivision Spectra.
Source of heading or term BUEsh
9 (RLIN) 23026
653 ## - INDEX TERM--UNCONTROLLED
Arrived date list April2011
655 ## - INDEX TERM--GENRE/FORM
Form subdivision Reading book
700 1# - ADDED ENTRY--PERSONAL NAME
Personal name Springer, Andreas,
Dates associated with a name 1977-
Relator term author.
9 (RLIN) 23027
942 ## - ADDED ENTRY ELEMENTS (KOHA)
Source of classification or shelving scheme Dewey Decimal Classification
Koha item type Book - Borrowing
Holdings
Withdrawn status Lost status Source of classification or shelving scheme Damaged status Not for loan Collection code Home library Current library Shelving location Date acquired Source of acquisition Cost, normal purchase price Serial Enumeration / chronology Total Checkouts Full call number Barcode Date last seen Koha item type
    Dewey Decimal Classification     Baccah Central Library Central Library First floor 14/04/2011 Purchase 653.00 11997   543.0873 SCH 000023234 15/07/2025 Book - Borrowing